000 00193 a2200097 4500
001 29427
100 _aJansen
245 _aMillitant Islam
260 _a
_bPan books
_c
090 _c19639
_d19639
942 _aNUST-CAE
_cM
_c10712
999 _c264500
_d264500